| 000 | 00446nam a2200181Ia 4500 | ||
|---|---|---|---|
| 001 | 15870 | ||
| 005 | 20260306170227.0 | ||
| 008 | 260306t2016||||xx |||||||||||||| ||und|| | ||
| 041 | _aESP | ||
| 082 |
_a620.112 _bM26R |
||
| 100 |
_aMartínez de Pisón Ascacíbar, Eduardo, _eAUT |
||
| 245 | 0 | _aResistencia de materiales | |
| 260 | _c2016 | ||
| 300 |
_a410 páginas : _c24 cm. |
||
| 650 | _aGEN | ||
| 654 | _aCII | ||
| 942 |
_cLIB _dJUS _fJUS _2ddc _n |
||
| 999 |
_c15870 _d15870 |
||